Gaming Quiz

Random Gaming or City Quiz
Score 0/16 Timer 03:00
0 Plays Today
Question Answer Wrong Answers
Whiterun Skyrim
74.7%
Daggerfall
7.1%
Morrowind
4.1%
Oblivion
4.7%
Windhelm Skyrim
74.7%
Daggerfall
5.9%
Morrowind
5.9%
Oblivion
4.1%
Daggerfall Daggerfall
74.1%
Morrowind
4.1%
Oblivion
5.3%
Skyrim
5.3%
Solitude Skyrim
70.6%
Daggerfall
11.2%
Morrowind
4.1%
Oblivion
4.7%
Markarth Skyrim
67.6%
Daggerfall
10%
Morrowind
7.6%
Oblivion
5.9%
Imperial City Oblivion
64.7%
Daggerfall
9.4%
Morrowind
10.6%
Skyrim
5.3%
Vivec Morrowind
62.9%
Daggerfall
10.6%
Oblivion
10.6%
Skyrim
5.3%
Sadrith Mora Morrowind
61.2%
Daggerfall
14.1%
Oblivion
8.8%
Skyrim
4.1%
Kvatch Oblivion
60.6%
Daggerfall
12.9%
Morrowind
11.2%
Skyrim
5.9%
Orsinium Daggerfall
58.2%
Morrowind
15.3%
Oblivion
11.8%
Skyrim
4.1%
Bruma Oblivion
57.1%
Daggerfall
12.9%
Morrowind
15.9%
Skyrim
4.7%
Balmora Morrowind
55.3%
Daggerfall
17.1%
Oblivion
11.2%
Skyrim
6.5%
Leyawiin Oblivion
54.7%
Daggerfall
12.4%
Morrowind
16.5%
Skyrim
5.9%
Wayrest Daggerfall
54.1%
Morrowind
14.7%
Oblivion
14.7%
Skyrim
7.1%
Ald'ruhn Morrowind
53.5%
Daggerfall
22.4%
Oblivion
11.2%
Skyrim
2.9%
Sentinel Daggerfall
52.4%
Morrowind
12.4%
Oblivion
17.6%
Skyrim
6.5%
Remove Ads.
Support Sporcle.
Get the best of Sporcle when you Go Orange. This ad-free experience offers more features, more stats, and more fun while also helping to support Sporcle. Thank you for becoming a member.

You're not logged in!

Compare scores with friends on all Sporcle quizzes.
OR
Log In

Sporcle TV

Today on Sporcle TV


Watch our educational content, quiz creation guides, and fun videos on Sporcle TV.

Show Comments

Extras

Top Quizzes Today


Score Distribution

Paid Content

Your Account Isn't Verified!

In order to create a playlist on Sporcle, you need to verify the email address you used during registration. Go to your Sporcle Settings to finish the process.

Report this User

Report this user for behavior that violates our Community Guidelines.

Details: